000 00800cam a2200229 a 4500
020 _a0582446961 (pbk.)
082 0 0 _a515.353
_bSTE
_cL-39, P-82.
100 1 _aStephenson, G.
_939290
245 1 0 _aPartial differential equations for scientists and engineers /
_cG. Stephenson.
250 _a3rd ed.
260 _aLondon ;
_aNew York :
_bLongman,
_cc1985.
300 _ax, 161 p. ;
_c22 cm.
500 _aIncludes index.
500 _aRev. of: An introduction to partial differential equations for science students. 2nd ed. 1970.
526 _a0
_b0
_c0
_d515_353000000000000_STE
650 0 _aDifferential equations, Partial.
650 0 _aEngineering mathematics.
_92310
650 0 _aMCE
_9379
650 0 _aScience
_xMathematics.
_910516
700 1 _aStephenson, G.
_939290
942 _2ddc
_cBK
999 _c543796
_d543796